[Event "Morava-chT 9697"]
[Site "Czech Republic"]
[Date "1997.??.??"]
[Round "?"]
[White "Cvek, Robert"]
[Black "Jokl, Ludek"]
[Result "1-0"]
[WhiteElo "2340"]
[BlackElo "2215"]
[PlyCount "69"]
[EventDate "1996.??.??"]
[EventType "team-tourn"]
[EventRounds "11"]
[EventCountry "CZE"]
[SourceTitle "EXT 1998"]
[Source "ChessBase"]
[SourceDate "1997.11.17"]
[SourceVersion "1"]
[SourceVersionDate "1997.11.17"]
[SourceQuality "1"]

1. e4 g6 2. d4 Bg7 3. Nc3 d6 4. f4 Nf6 5. Nf3 0-0 6. Bd3 Nc6 7. h3 Nd7 8. Be3 Nb4 9. Be2 c5 10. d5 Nf6 11. a3 Na6 12. g4 e6 13. dxe6 fxe6 14. Qd2 d5 15. Bf2 d4 16. Nd1 Bd7 17. c4 Bc6 18. Bd3 Ba4 19. Bg3 Nd7 20. b4 Bxd1 21. Rxd1 b6 22. 0-0 Qe7 23. Rb1 Nc7 24. e5 a5 25. b5 Rac8 26. Kg2 Rfe8 27. h4 Nf8 28. Ng5 Red8 29. Rh1 h6 30. Ne4 Qf7 31. h5 gxh5 32. Rxh5 Ne8 33. Rbh1 Ng6 34. g5 hxg5 35. Nxg5 1-0

[Event "CZE-chT1c 9495"]
[Site "Czech Republic"]
[Date "1995.??.??"]
[Round "9"]
[White "Jokl, Ludek"]
[Black "Pisk, Petr"]
[Result "1/2-1/2"]
[WhiteElo "2215"]
[BlackElo "2290"]
[PlyCount "112"]
[EventDate "1994.??.??"]
[EventType "team"]
[EventRounds "11"]
[EventCountry "CZE"]
[SourceTitle "EXT 1998"]
[Source "ChessBase"]
[SourceDate "1997.11.17"]
[SourceVersion "1"]
[SourceVersionDate "1997.11.17"]
[SourceQuality "1"]

1. e4 c5 2. Nf3 Nc6 3. Bb5 d6 4. 0-0 Bd7 5. c3 Nf6 6. Re1 a6 7. Bf1 Bg4 8. d3 e6 9. Nbd2 Be7 10. h3 Bh5 11. g3 0-0 12. Bg2 h6 13. Qe2 d5 14. Qf1 Qc7 15. Nh2 Bg6 16. f4 Rad8 17. Kh1 b5 18. Qf3 Nd7 19. Ng4 Kh8 20. Nf2 Nb6 21. Nf1 c4 22. d4 dxe4 23. Nxe4 Nd5 24. Ne3 Nb8 25. Bd2 Nd7 26. Re2 N7f6 27. Nf2 a5 28. a3 Rfe8 29. Rae1 Nxe3 30. Rxe3 Nd5 31. R3e2 b4 32. axb4 axb4 33. g4 Bd3 34. Nxd3 cxd3 35. Qxd3 Nxf4 36. Bxf4 Qxf4 37. Rf1 Qd6 38. Rxf7 e5 39. d5 Bg5 40. Qe4 bxc3 41. bxc3 Rc8 42. c4 Qa6 43. Rc2 Bf4 44. Bf1 Kg8 45. Rd7 Qa4 46. Rb7 Rb8 47. Rxb8 Rxb8 48. Kg2 Rb3 49. Bd3 Qa3 50. Qh7+ Kf8 51. Qf5+ Kg8 52. Qe6+ Kf8 53. Qc8+ Kf7 54. Qd7+ Kf8 55. Qd8+ Kf7 56. Qd7+ Kf8 1/2-1/2